| 000 | 01301cam a2200325 i 4500 | ||
|---|---|---|---|
| 999 |
_c64429 _d64429 |
||
| 001 | 543235 | ||
| 003 | CO-MdFUSB | ||
| 005 | 20180824105944.0 | ||
| 008 | 020218s2001 enk g 000 0 eng | ||
| 020 | _a1842270087 | ||
| 040 |
_aUKM _cCO-MdFUSB _dCO-MdFUSB _bspa _erda |
||
| 041 | _aeng | ||
| 049 | _aPTSS | ||
| 082 | 0 | 4 |
_224 _aG 223.706 _bW868s |
| 100 | 1 |
_aWolters, Albert M. _eautor |
|
| 245 | 1 | 4 |
_aThe Song of the Valiant Woman _b: studies in the interpretation of Proverbs 31:10-31 _c/ Al Wolters. |
| 264 | 1 |
_aCarlisle : _bPaternoster, _c℗[2001]. |
|
| 264 | 4 | _c©2001 | |
| 300 |
_aix, 154 páginas ; _c23 cm. |
||
| 336 |
_2rdacontent _atexto _btxt |
||
| 337 |
_2rdamedia _asin mediación _bn |
||
| 338 |
_2rdacarrier _avolumen _bnc |
||
| 505 | _aProverbios 31: 10-31 como un Himno Heroico: Un análisis de crítica de forma -- Naturaleza y gracia en la interpretación de Proverbios 31: 10-31 -- Proverbios 31:27 como participio hímnico y juego en Sofía -- El significado de Prov . 31:19 -- Un patrón en la historia de la interpretación (hasta 1600) -- La canción de la mujer valiente desde el siglo XVI | ||
| 630 | 0 | 7 |
_aBiblia. _pProverbios |
| 942 | _cBK | ||